00606cam a22001937a 4500003000500000005001700005008004100022010001000063011001000073035001000083040000900093100003000102245003800132260004700170300001900217490007000236650003600306830007000342CHAP20220329134121.0971013s1980 r 00010 d a15649 a16621 a20703 cCHAP00aBesnier Romero, Fernando.13aLa energía solar en agricultura aMadrid :bMinisterio de Agricultura,c1980 a20 p.b: ilus. 0aMadrid. Ministerio de Agricultura. Hojas divulgadorasv; 11-12/8014aEnergía solar en agricultura.0 aMadrid. Ministerio de Agricultura. Hojas divulgadorasv; 11-12/80